| 000 | 00685nam a22002177a 4500 | ||
|---|---|---|---|
| 003 | OSt | ||
| 005 | 20251127164038.0 | ||
| 008 | 251127b |||||||| |||| 00| 0 eng d | ||
| 020 | _a0-8264-8609-6. | ||
| 040 |
_aDWCL-Main lib _cOC |
||
| 082 | _aGR. 111 B644h 2006 | ||
| 100 | _aBlatter, William | ||
| 245 |
_aHeidegger's being and time : _ba reader's guide _cBlatter, William |
||
| 260 |
_alondon : _bContinuum International publishing Group, _cc2006. |
||
| 300 |
_a195 pages ; _c21 cm. |
||
| 504 | _aIncludes bibliographical references and index. | ||
| 650 | _21. Heidegger, Martin, 1889-1976. | ||
| 650 | _22. Ontology. | ||
| 650 | _23. Space & Time. | ||
| 942 |
_2ddc _cGR _kGR. _n0 |
||
| 999 |
_c6520 _d6520 |
||